[Event "Staatsliga A 1998/99"]
[Site "Graz"]
[Date "1999.01.15"]
[Round "6.1"]
[White "Dizdar, Goran"]
[Black "Pinter, Jozsef"]
[Result "0-1"]
[WhiteElo "2570"]
[BlackElo "2595"]
[PlyCount "114"]
[EventDate "1998.11.13"]

1. d4 Nf6 2. Nf3 d5 3. c4 e6 4. g3 Bb4+ 5. Bd2 Be7 6. Bg2 O-O 7. O-O c6 8. Qc2
b6 9. Bf4 Ba6 10. b3 Nbd7 11. Rd1 Rc8 12. Nc3 dxc4 13. Nd2 Nd5 14. Nxc4 Nxf4
15. gxf4 Qc7 16. f5 exf5 17. Qxf5 g6 18. Qf3 b5 19. Nb2 b4 20. Nca4 Bd6 21. h3
Nb6 22. Rac1 Qe7 23. e4 f6 24. Nc5 Bb5 25. Bf1 Bxc5 26. dxc5 Bxf1 27. Rxf1 Nd7
28. Qe3 Rfe8 29. Rfd1 Rc7 30. Rc4 a5 31. f4 g5 32. Nd3 h6 33. Kh2 Nf8 34. Qg3
Rd7 35. Rf1 Red8 36. fxg5 hxg5 37. Rf3 Ng6 38. e5 f5 39. Nf2 f4 40. Rcxf4 Nxf4
41. Rxf4 Rf8 42. Rg4 Rf5 43. Ne4 Rxe5 44. h4 Rd4 45. Nxg5 Rxg4 46. Qxg4 Rd5 47.
Ne4+ Kh7 48. Qf4 Re5 49. Ng5+ Kg6 50. Qg4 Kh6 51. Qf4 Re2+ 52. Kg3 Qe3+ 53.
Qxe3 Rxe3+ 54. Kf2 Rc3 55. Ne4 Rc2+ 56. Ke1 Rxa2 57. Kd1 Kg6 0-1

[Event "Staatsliga A 1998/99"]
[Site "Graz"]
[Date "1999.01.15"]
[Round "6.2"]
[White "Poldauf, Dirk"]
[Black "Schmittdiel, Eckhard"]
[Result "0-1"]
[WhiteElo "2410"]
[BlackElo "2470"]
[PlyCount "104"]
[EventDate "1998.11.13"]

1. c4 c5 2. g3 Nc6 3. Bg2 g6 4. Nc3 Bg7 5. a3 e6 6. Rb1 Nf6 7. b4 cxb4 8. axb4
d5 9. cxd5 exd5 10. d4 Bf5 11. Rb2 Ne4 12. Nxe4 Bxe4 13. f3 Bf5 14. e3 O-O 15.
Ne2 Re8 16. O-O Qd6 17. g4 Bd7 18. Bd2 a6 19. h3 Na7 20. Kh1 Bb5 21. Re1 Nc6
22. Nc3 Bc4 23. b5 axb5 24. Nxb5 Qd7 25. f4 Kf8 26. Qb1 Nd8 27. Nc3 Ra6 28. e4
dxe4 29. Nxe4 Bd5 30. Bc3 Rae6 31. Rbe2 Qc6 32. Ba1 b6 33. f5 R6e7 34. Kg1 Bh6
35. f6 Re6 36. h4 Bf4 37. g5 Bd2 38. Rxd2 Bxe4 39. Bxe4 Rxe4 40. Rxe4 Rxe4 41.
d5 Qc5+ 42. Kg2 Qe3 43. Qd1 Rxh4 44. Rd3 Qxg5+ 45. Rg3 Qh6 46. Qd3 Rh2+ 47. Kf3
Rd2 48. Qe4 Qh1+ 49. Kf4 Rf2+ 50. Ke3 Qe1+ 51. Kd4 Qxa1+ 52. Rc3 Rd2+ 0-1

[Event "Staatsliga A 1998/99"]
[Site "Graz"]
[Date "1999.01.15"]
[Round "6.3"]
[White "Duer, Arne"]
[Black "Baumegger, Siegfried"]
[Result "1/2-1/2"]
[WhiteElo "2375"]
[BlackElo "2360"]
[PlyCount "129"]
[EventDate "1998.11.13"]

1. c4 e5 2. g3 d6 3. Bg2 g6 4. d4 exd4 5. Qxd4 Nf6 6. Nc3 Bg7 7. Qe3+ Qe7 8.
Qxe7+ Kxe7 9. Bg5 c6 10. Rc1 h6 11. Be3 Nbd7 12. Nf3 Ng4 13. Bd2 Nge5 14. b3
Nxf3+ 15. Bxf3 Nc5 16. O-O Bh3 17. Rfd1 Ne6 18. Bg2 Bxg2 19. Kxg2 Rhd8 20. e4
h5 21. Be3 f5 22. exf5 gxf5 23. Ne2 Be5 24. Nd4 Bxd4 25. Bxd4 Rg8 26. Kf3 h4
27. Be3 Raf8 28. Re1 Kd7 29. Rcd1 h3 30. Rd3 f4 31. gxf4 Ng7 32. Bc5 Nf5 33.
Bxd6 Nxd6 34. c5 Rf6 35. Red1 Rg2 36. Rxd6+ Rxd6 37. Rxd6+ Ke7 38. Rh6 Rxh2 39.
Kg3 Rg2+ 40. Kxh3 Rxf2 41. Rh7+ Ke6 42. Rxb7 Rxa2 43. Kg4 Rg2+ 44. Kf3 Rb2 45.
Ke4 Re2+ 46. Kd3 Rf2 47. Rxa7 Rxf4 48. Rh7 Rg4 49. Kc3 Rf4 50. Rh8 Kd7 51. Rh6
Rg4 52. b4 Rg1 53. Kb3 Rb1+ 54. Ka3 Ra1+ 55. Kb2 Rg1 56. Rd6+ Kc7 57. Rd3 Kb7
58. Kc3 Rc1+ 59. Kd4 Rb1 60. Ke5 Kc7 61. Rd4 Rh1 62. Rf4 Re1+ 63. Kf6 Kb7 64.
Rh4 Ka6 65. Rh8 1/2-1/2

[Event "Staatsliga A 1998/99"]
[Site "Graz"]
[Date "1999.01.15"]
[Round "6.4"]
[White "Freitag, Manfred"]
[Black "Duer, Werner"]
[Result "0-1"]
[WhiteElo "2400"]
[BlackElo "2310"]
[PlyCount "100"]
[EventDate "1998.11.13"]

1. d4 d5 2. c4 c6 3. Nc3 Nf6 4. Nf3 e6 5. Bg5 Nbd7 6. e3 Be7 7. Qc2 O-O 8. Rd1
h6 9. Bh4 Re8 10. Bd3 dxc4 11. Bxc4 b5 12. Be2 Bb7 13. O-O b4 14. Nb1 a6 15.
Nbd2 c5 16. Ne5 cxd4 17. exd4 Rc8 18. Qb3 Nd5 19. Bg3 N7f6 20. Bf3 Nh7 21. Be4
f5 22. Bb1 Nhf6 23. Ng6 Nh5 24. Nxe7+ Qxe7 25. Be5 Ndf4 26. Nf3 Rc3 27. bxc3
Bxf3 28. Rfe1 Nxg2 29. Bg3 Nxe1 30. Rxe1 f4 31. Bg6 fxg3 32. hxg3 Nf4 33. Bxe8
Qxe8 34. Re5 bxc3 35. Kh2 Qf7 36. Qxc3 Ng6 37. Qc8+ Nf8 38. Qxa6 Bd5 39. Qe2
Nd7 40. Re3 Nf6 41. f3 Qh5+ 42. Kg1 Qh3 43. Qg2 Qf5 44. a3 Qb1+ 45. Qf1 Qb2 46.
Qd3 Nh5 47. Re2 Qc1+ 48. Kf2 Qh1 49. Rc2 Qh2+ 50. Ke3 Qxg3 0-1

[Event "Staatsliga A 1998/99"]
[Site "Graz"]
[Date "1999.01.15"]
[Round "6.5"]
[White "Laube, Bernhard"]
[Black "Casagrande, Harald"]
[Result "0-1"]
[WhiteElo "2285"]
[BlackElo "2360"]
[PlyCount "53"]
[EventDate "1998.11.13"]

1. Nf3 g6 2. d4 Bg7 3. g3 c5 4. d5 d6 5. Bg2 b5 6. O-O Nf6 7. a4 b4 8. c4 bxc3
9. Nxc3 Na6 10. Nd2 Nb4 11. Nc4 h5 12. h3 Rb8 13. e4 Ba6 14. Nb5 O-O 15. Be3
Qd7 16. e5 Nfxd5 17. exd6 Nxe3 18. fxe3 exd6 19. Nbxd6 Qe6 20. Rf4 Rbd8 21. Re4
Qf6 22. Rf4 Qe7 23. Re4 Qc7 24. Qd2 Bxc4 25. Rxc4 Qxd6 26. Qxd6 Rxd6 27. Rxc5
0-1

[Event "Staatsliga A 1998/99"]
[Site "Graz"]
[Date "1999.01.15"]
[Round "6.6"]
[White "Postl, Anton"]
[Black "Gerhold, Michael"]
[Result "1/2-1/2"]
[WhiteElo "2295"]
[BlackElo "2265"]
[PlyCount "99"]
[EventDate "1998.11.13"]

1. d4 Nf6 2. c4 e6 3. Nf3 b6 4. g3 Ba6 5. b3 d5 6. Bg2 dxc4 7. Ne5 Bb4+ 8. Kf1
Bd6 9. Nxc4 Nd5 10. e4 Ne7 11. Bb2 Nbc6 12. Kg1 b5 13. Ne3 e5 14. d5 Na5 15.
Bf1 Qc8 16. b4 Bxb4 17. Bxe5 f6 18. Bc3 Bxc3 19. Nxc3 c6 20. d6 Ng6 21. h4 O-O
22. Bh3 Qe8 23. h5 Ne5 24. Nf5 Kh8 25. Ne7 b4 26. Na4 Bc4 27. Nc5 Bf7 28. Bf5
Nac4 29. Ng6+ Nxg6 30. hxg6 Bxg6 31. d7 Qf7 32. Bxg6 Qxg6 33. Ne6 Rfd8 34. Qe2
Ne5 35. Nxd8 Rxd8 36. Rd1 Rxd7 37. Kg2 Qe8 38. Rxd7 Qxd7 39. Rd1 Qc7 40. Qd2 h6
41. Qxb4 c5 42. Qb5 c4 43. Rd5 Qc8 44. Qc5 Qg4 45. Qe3 Kh7 46. Rc5 Qd1 47. Rc7
Nd3 48. Rxc4 Ne1+ 49. Kh2 Nf3+ 50. Kg2 1/2-1/2

[Event "Staatsliga A 1998/99"]
[Site "Graz"]
[Date "1999.01.15"]
[Round "6.1"]
[White "Groszpeter, Attila"]
[Black "Horvath, Jozsef"]
[Result "1/2-1/2"]
[WhiteElo "2505"]
[BlackElo "2530"]
[PlyCount "39"]
[EventDate "1998.11.13"]

1. e4 e5 2. Nf3 Nf6 3. Nxe5 d6 4. Nf3 Nxe4 5. d4 d5 6. Bd3 Nc6 7. O-O Be7 8. c4
Nb4 9. Be2 O-O 10. a3 Nc6 11. cxd5 Qxd5 12. Nc3 Nxc3 13. bxc3 Bf5 14. Bf4 Na5
15. Re1 Bd6 16. Ne5 Qb3 17. Qd2 Rad8 18. Bd1 Qd5 19. Bf3 Qb3 20. Bd1 1/2-1/2

[Event "Staatsliga A 1998/99"]
[Site "Graz"]
[Date "1999.01.15"]
[Round "6.2"]
[White "Hoelzl, Franz"]
[Black "Polzin, Rainer"]
[Result "1-0"]
[WhiteElo "2410"]
[BlackElo "2420"]
[PlyCount "108"]
[EventDate "1998.11.13"]

1. e4 g6 2. d4 Bg7 3. Nc3 d6 4. Be3 Nf6 5. h3 O-O 6. g4 c6 7. Bg2 e5 8. a4 a5
9. Nge2 Na6 10. dxe5 dxe5 11. Qxd8 Rxd8 12. Bb6 Re8 13. Bxa5 Nd7 14. Nd1 Nac5
15. Bb4 Rxa4 16. Rxa4 Nxa4 17. g5 Bf8 18. Bd2 Ndc5 19. b3 Nb6 20. Ba5 Nbd7 21.
h4 Ne6 22. Bd2 Nd4 23. Nxd4 exd4 24. f4 f5 25. e5 d3 26. c3 Nc5 27. b4 Nb3 28.
Rh3 Be6 29. Rxd3 Ra8 30. Bf3 Ra1 31. Rd8 Bc4 32. Be3 Ra2 33. h5 Kf7 34. Rd7+
Ke6 35. Rxh7 Na1 36. hxg6 Nc2+ 37. Kf2 Nd4+ 38. Kg3 Nxf3 39. g7 Bxg7 40. Rxg7
Nh2 41. Bf2 Nf1+ 42. Kg2 Rd2 43. Rg6+ Kd7 44. Rd6+ Rxd6 45. exd6 Kxd6 46. Nb2
Nd2 47. Nxc4+ Nxc4 48. Kg3 Ke6 49. Kh4 Nd6 50. Kh5 Ne4 51. Bd4 b6 52. Be5 Nf2
53. Kg6 Ng4 54. Bd4 b5 1-0

[Event "Staatsliga A 1998/99"]
[Site "Graz"]
[Date "1999.01.15"]
[Round "6.3"]
[White "Schwarz, Michael"]
[Black "Steflitsch, Erich"]
[Result "1/2-1/2"]
[WhiteElo "2400"]
[BlackElo "2325"]
[PlyCount "56"]
[EventDate "1998.11.13"]

1. g3 d5 2. Bg2 c5 3. Nf3 Nc6 4. d4 e6 5. O-O Nf6 6. c4 dxc4 7. Qa4 Bd7 8. dxc5
Na5 9. Qc2 Bxc5 10. Ne5 Rc8 11. Bg5 Qc7 12. Bxf6 gxf6 13. Nxd7 Kxd7 14. Nd2 Ke7
15. Ne4 h5 16. Qc3 Qe5 17. Qxe5 fxe5 18. Nxc5 Rxc5 19. b4 cxb3 20. axb3 Nxb3
21. Rxa7 Rc7 22. Rxb7 Rxb7 23. Bxb7 h4 24. Rb1 Nd4 25. e3 Nf5 26. Rc1 hxg3 27.
hxg3 Nd6 28. Bf3 Rc8 1/2-1/2

[Event "Staatsliga A 1998/99"]
[Site "Graz"]
[Date "1999.01.15"]
[Round "6.4"]
[White "Titz, Heimo"]
[Black "Danner, Georg"]
[Result "0-1"]
[WhiteElo "2305"]
[BlackElo "2340"]
[PlyCount "89"]
[EventDate "1998.11.13"]

1. d4 g6 2. g3 Bg7 3. Bg2 c5 4. Nf3 cxd4 5. Nxd4 Nc6 6. Nb3 a5 7. a4 Nf6 8. Nc3
O-O 9. O-O d6 10. h3 Be6 11. Be3 Qc8 12. Kh2 Nd7 13. Nd4 Nxd4 14. Bxd4 Qc4 15.
Bxg7 Kxg7 16. Nb5 Rab8 17. b3 Qc5 18. c4 Nf6 19. Qd2 b6 20. Rad1 Rfd8 21. e4 h5
22. f4 h4 23. g4 Bxg4 24. hxg4 Nxg4+ 25. Kh1 Ne3 26. Qc3+ e5 27. Rd5 Nxd5 28.
exd5 Re8 29. Na7 f6 30. Nc6 Rb7 31. Be4 exf4 32. Rxf4 Rf7 33. Nd4 Rfe7 34. Nf3
Re5 35. Nxe5 Rxe5 36. Rxh4 Qf2 37. Qh3 f5 38. Rh8 Qe1+ 39. Kh2 Qd2+ 40. Bg2
Qf4+ 41. Kg1 Re1+ 42. Bf1 Qxf1+ 43. Qxf1 Rxf1+ 44. Kxf1 Kxh8 45. Ke2 0-1

[Event "Staatsliga A 1998/99"]
[Site "Graz"]
[Date "1999.01.15"]
[Round "6.5"]
[White "Frosch, Erich"]
[Black "Schumi, Manfred"]
[Result "1/2-1/2"]
[WhiteElo "2280"]
[BlackElo "2260"]
[PlyCount "100"]
[EventDate "1998.11.13"]

1. d4 Nf6 2. Nf3 g6 3. c4 Bg7 4. Nc3 O-O 5. g3 c5 6. d5 d6 7. Bg2 e6 8. O-O
exd5 9. Nxd5 Nxd5 10. Qxd5 Nc6 11. Bg5 Qc7 12. Bf4 Be6 13. Qxd6 Qb6 14. Be3 Nd4
15. Qxb6 Nxe2+ 16. Kh1 axb6 17. Rfe1 Nd4 18. Bxd4 cxd4 19. b3 Bf5 20. Rad1 Bc2
21. Rxd4 Bxd4 22. Nxd4 Rxa2 23. Bxb7 Rb2 24. Re2 Rb1+ 25. Kg2 Bxb3 26. Be4 Bxc4
27. Bxb1 Bxe2 28. Nxe2 Rd8 29. Kf3 Rd1 30. Bc2 Rd2 31. Be4 f5 32. Bc6 Rd3+ 33.
Kf4 Kg7 34. h4 Kf6 35. g4 fxg4 36. Kxg4 h5+ 37. Kf4 Rh3 38. Be4 b5 39. f3 Rxh4+
40. Ke3 Rh1 41. Nc3 Rg1 42. Nxb5 h4 43. Kf2 Rg5 44. Nd4 Ra5 45. Kg2 Ra2+ 46.
Kh3 g5 47. Nf5 Ra1 48. Ne3 Ke5 49. Ng4+ Kf4 50. Nf6 Rh1+ 1/2-1/2

[Event "Staatsliga A 1998/99"]
[Site "Graz"]
[Date "1999.01.15"]
[Round "6.6"]
[White "Petschar, Kurt"]
[Black "Kotz, Heinz Peter"]
[Result "1-0"]
[WhiteElo "2260"]
[BlackElo "2265"]
[PlyCount "87"]
[EventDate "1998.11.13"]

1. g3 g6 2. Bg2 Bg7 3. d4 Nf6 4. e4 d6 5. Ne2 O-O 6. O-O e5 7. Nbc3 Nbd7 8. h3
c6 9. a4 a5 10. Be3 Re8 11. g4 h5 12. g5 Nh7 13. h4 f6 14. dxe5 Nxe5 15. f4 Ng4
16. Bd4 Nf8 17. Kh1 Ne6 18. Bg1 fxg5 19. hxg5 Nc5 20. Qd2 Qe7 21. Rad1 Bf8 22.
Nd4 h4 23. Rde1 h3 24. Bf3 h2 25. Bxh2 Nxh2 26. Kxh2 Qh7+ 27. Kg1 Qh4 28. Bg2
Bg7 29. f5 Be5 30. Nf3 Qf4 31. Qd1 Bxc3 32. bxc3 Nxe4 33. Nd2 Qxd2 34. Qxd2
Nxd2 35. Rxe8+ Kf7 36. Rfe1 gxf5 37. R1e7+ Kg6 38. Rc7 Ra6 39. Rg8+ Kh5 40.
Rcxc8 Kg4 41. Kf2 f4 42. g6 f3 43. Bxf3+ Nxf3 44. g7 1-0

[Event "Staatsliga A 1998/99"]
[Site "Graz"]
[Date "1999.01.15"]
[Round "6.2"]
[White "Chernin, Alexander"]
[Black "Rabiega, Robert"]
[Result "1/2-1/2"]
[WhiteElo "2610"]
[BlackElo "2525"]
[PlyCount "40"]
[EventDate "1998.11.13"]

1. c4 e6 2. Nc3 b6 3. Nf3 Bb7 4. g3 f5 5. Bg2 Nf6 6. O-O Bb4 7. Qb3 Bxc3 8.
Qxc3 O-O 9. d3 d6 10. b4 a5 11. a3 e5 12. Bg5 c5 13. Rab1 Bc6 14. Rb2 axb4 15.
axb4 Nbd7 16. Rfb1 Qe7 17. bxc5 bxc5 18. Bxf6 Qxf6 19. Ne1 Bxg2 20. Nxg2 20...
f4 {...69} 1/2-1/2

[Event "Staatsliga A 1998/99"]
[Site "Graz"]
[Date "1999.01.15"]
[Round "6.3"]
[White "Grosar, Aljosa"]
[Black "Kindermann, Stefan"]
[Result "1/2-1/2"]
[WhiteElo "2450"]
[BlackElo "2540"]
[PlyCount "125"]
[EventDate "1998.11.13"]

1. e4 e6 2. d4 d5 3. e5 c5 4. c3 Nc6 5. Nf3 Bd7 6. Be2 cxd4 7. cxd4 Nge7 8. Na3
Nf5 9. Nc2 Qb6 10. O-O Rc8 11. g4 Nfe7 12. Nh4 Nb4 13. Nxb4 Qxb4 14. Rb1 Bb5
15. Qd2 Qa4 16. b3 Qa6 17. Bxb5+ Qxb5 18. Ba3 Ng6 19. Nxg6 fxg6 20. Rfc1 Rc6
21. Bxf8 Rxf8 22. Rxc6 bxc6 23. Rc1 Kd7 24. Rc5 Qb6 25. Qc1 Qa6 26. Qd2 Rf3 27.
Qb4 Qe2 28. Rc1 Qxf2+ 29. Kh1 Ke8 30. Qc5 h6 31. Qxc6+ Kf7 32. Qc8 g5 33. Qd7+
Kg6 34. Qxe6+ Kh7 35. Qxd5 Rc3 36. Qe4+ Kh8 37. Qa8+ Kh7 38. Qe4+ Kh8 39. Rg1
Re3 40. Qa8+ Kh7 41. Qg2 Qf4 42. Qc2+ Re4 43. h3 Qe3 44. Kg2 h5 45. Qf2 Qd3 46.
Rd1 Rxg4+ 47. hxg4 Qxd1 48. gxh5 Qg4+ 49. Kh1 Qh3+ 50. Kg1 Qg4+ 51. Kh2 Qxh5+
52. Kg2 Qg4+ 53. Kh1 Qd1+ 54. Qg1 Qf3+ 55. Qg2 Qd1+ 56. Kh2 Qxd4 57. Qxg5 Qb2+
58. Kg3 Qxa2 59. Qh4+ Kg6 60. Qe4+ Kf7 61. Qd5+ Ke7 62. e6 Kf6 63. Qd4+ 1/2-1/2

[Event "Staatsliga A 1998/99"]
[Site "Graz"]
[Date "1999.01.15"]
[Round "6.5"]
[White "Roth, Peter"]
[Black "Stanec, Nikolaus"]
[Result "1/2-1/2"]
[WhiteElo "2275"]
[BlackElo "2495"]
[PlyCount "61"]
[EventDate "1998.11.13"]

1. e4 c5 2. Nf3 e6 3. Nc3 a6 4. g3 Qc7 5. Bg2 d6 6. O-O Nf6 7. d3 Be7 8. Ng5 h6
9. Nh3 Nc6 10. f4 Bd7 11. a3 Nd4 12. Nf2 Bc6 13. Nb1 Qd7 14. Nd2 Rd8 15. c3 Nb5
16. Nc4 Qc7 17. e5 Nd7 18. Bxc6 Qxc6 19. a4 Na7 20. exd6 Bxd6 21. f5 exf5 22.
Qh5 g6 23. Re1+ Be7 24. Qe2 Nc8 25. Bf4 O-O 26. Bxh6 Rfe8 27. Bf4 Nf8 28. Na5
Qb6 29. Nc4 Qc6 30. Na5 Qb6 31. Nc4 1/2-1/2

[Event "Staatsliga A 1998/99"]
[Site "Graz"]
[Date "1999.01.15"]
[Round "6.6"]
[White "Felsberger, Alfred"]
[Black "Kastner, Walter"]
[Result "1/2-1/2"]
[WhiteElo "2395"]
[BlackElo "2265"]
[PlyCount "47"]
[EventDate "1998.11.13"]

1. e4 d5 2. exd5 Nf6 3. d4 Nxd5 4. Nf3 Bg4 5. Be2 e6 6. O-O Be7 7. c4 Nb6 8.
Nc3 Nc6 9. Be3 Bxf3 10. Bxf3 Nxc4 11. Bxc6+ bxc6 12. Qa4 Nb6 13. Qxc6+ Qd7 14.
Qb7 O-O 15. b3 Rfb8 16. Qa6 Nd5 17. Nxd5 Qxd5 18. Rac1 Bd6 19. Rfd1 Rb6 20. Qc4
a5 21. Bd2 Rb5 22. g3 h5 23. Be1 Rab8 24. Qxd5 1/2-1/2

[Event "Staatsliga A 1998/99"]
[Site "Graz"]
[Date "1999.01.15"]
[Round "6.2"]
[White "Atlas, Valery"]
[Black "Weinzettl, Ernst"]
[Result "1-0"]
[WhiteElo "2470"]
[BlackElo "2400"]
[PlyCount "66"]
[EventDate "1998.11.13"]

1. e4 e6 2. d4 d5 3. Nc3 Nf6 4. e5 Nfd7 5. Nce2 c5 6. c3 Nc6 7. f4 cxd4 8. Nxd4
Nxd4 9. cxd4 f6 10. Nf3 Bb4+ 11. Bd2 Qb6 12. Bd3 O-O 13. Bxb4 Qxb4+ 14. Qd2
Qxd2+ 15. Kxd2 fxe5 16. fxe5 Nb8 17. Raf1 h6 18. Nh4 Rxf1 19. Rxf1 Nc6 20. Ng6
Bd7 21. Ke3 Re8 22. Rc1 Rd8 23. h4 Be8 24. Nf4 Bf7 25. g4 Kf8 26. g5 Ke7 27. g6
Be8 28. a3 a6 29. Rf1 Na5 30. Nh5 Nc4+ 31. Bxc4 dxc4 32. Nxg7 Bxg6 33. Nxe6 Rd7
1-0

[Event "Staatsliga A 1998/99"]
[Site "Graz"]
[Date "1999.01.15"]
[Round "6.3"]
[White "Herzog, Adolf"]
[Black "Topakian, Raffi"]
[Result "0-1"]
[WhiteElo "2400"]
[BlackElo "2335"]
[PlyCount "116"]
[EventDate "1998.11.13"]

1. Nc3 d5 2. e4 e6 3. Nge2 Nf6 4. Ng3 c5 5. d3 Nc6 6. Be2 Be7 7. O-O O-O 8. Qe1
Nd4 9. Bd1 b5 10. Nce2 dxe4 11. dxe4 e5 12. c3 Nc6 13. Bc2 g6 14. Bh6 Re8 15.
Rd1 Qb6 16. f3 Kh8 17. Be3 Be6 18. Bb3 Bxb3 19. axb3 Na5 20. Nc1 Qe6 21. Qe2 c4
22. b4 Nc6 23. Nh1 Rad8 24. Nf2 Kg7 25. h3 Nh5 26. Kh2 Bh4 27. Nh1 Nf4 28. Qc2
h5 29. Ne2 Nd3 30. g3 Be7 31. Nc1 Nxc1 32. Bxc1 h4 33. g4 a5 34. bxa5 Nxa5 35.
Nf2 Nb3 36. Be3 Bc5 37. Bg5 Be7 38. Be3 Nc5 39. Rxd8 Rxd8 40. Rd1 Rxd1 41. Qxd1
Na4 42. Bc1 Nc5 43. Qd2 Kg8 44. Qd1 Qc6 45. Be3 Ne6 46. Qd2 Bc5 47. Nd1 Qd6 48.
Qxd6 Bxd6 49. Bf2 Be7 50. Ne3 Bc5 51. Nd1 Bxf2 52. Nxf2 Nf4 53. Kg1 Kg7 54. Kf1
Kf6 55. Ke1 Kg5 56. Kf1 Ne6 57. Nd1 Kf4 58. Ke2 Kg3 0-1

[Event "Staatsliga A 1998/99"]
[Site "Graz"]
[Date "1999.01.15"]
[Round "6.4"]
[White "Grabher, Heinz"]
[Black "Staudner, Oliver"]
[Result "1-0"]
[WhiteElo "2285"]
[BlackElo "2350"]
[PlyCount "59"]
[EventDate "1998.11.13"]

1. e4 e6 2. d4 d5 3. Nc3 Bb4 4. Bd3 dxe4 5. Bxe4 Nf6 6. Bd3 O-O 7. Nf3 c5 8.
dxc5 Bxc5 9. O-O Nc6 10. Bg5 Be7 11. Qe2 a6 12. Rfd1 Qc7 13. Ne4 Nxe4 14. Qxe4
f5 15. Qh4 Bxg5 16. Nxg5 h6 17. Nf3 e5 18. Bc4+ Kh8 19. Qh5 Ne7 20. Bb3 b5 21.
Ng5 a5 22. a4 b4 23. Nf7+ Kh7 24. Rd6 Rxf7 25. Rxh6+ gxh6 26. Qxf7+ Kh8 27. Rd1
Ra7 28. h4 Ra6 29. Qf8+ Kh7 30. Rd8 1-0

[Event "Staatsliga A 1998/99"]
[Site "Graz"]
[Date "1999.01.15"]
[Round "6.5"]
[White "Schneider_Zinner, Harald"]
[Black "Feistenauer, Fred"]
[Result "1-0"]
[WhiteElo "2300"]
[BlackElo "2300"]
[PlyCount "61"]
[EventDate "1998.11.13"]

1. d4 Nc6 2. Nf3 d5 3. c4 Bg4 4. Nc3 e6 5. Bf4 dxc4 6. e3 Bd6 7. Bg3 Nge7 8.
Bxc4 O-O 9. O-O Ng6 10. Be2 a6 11. Rc1 Re8 12. a3 Rb8 13. Qa4 Nce7 14. Ne4 Nf5
15. Rc2 Bxg3 16. hxg3 Nd6 17. Nxd6 Qxd6 18. Rfc1 c6 19. Rc5 Rbd8 20. Qa5 Bxf3
21. Bxf3 e5 22. d5 e4 23. dxc6 b6 24. Qxb6 exf3 25. Qxa6 Ne5 26. Qb5 fxg2 27.
c7 Rc8 28. Qxe8+ Rxe8 29. c8=Q Rf8 30. Qc7 Nf3+ 31. Kxg2 1-0

[Event "Staatsliga A 1998/99"]
[Site "Graz"]
[Date "1999.01.15"]
[Round "6.6"]
[White "Gaertner, Guntram"]
[Black "Plank, Franz"]
[Result "1-0"]
[WhiteElo "2340"]
[BlackElo "2270"]
[PlyCount "60"]
[EventDate "1998.11.13"]

1. b3 d5 2. Bb2 Nd7 3. Nf3 Ngf6 4. e3 e6 5. c4 c6 6. Be2 Bd6 7. Nc3 O-O 8. O-O
Ne4 9. cxd5 exd5 10. Qc2 f5 11. d3 Nef6 12. e4 Qc7 13. h3 Nb6 14. Rac1 dxe4 15.
dxe4 Nxe4 16. Nxe4 fxe4 17. Qxe4 Bf5 18. Qh4 Rae8 19. Nd4 Re4 20. g4 Be7 21.
Qg3 Bd6 22. Qg2 Bg6 23. Bf3 Ree8 24. Rfe1 Qf7 25. Nf5 Bxf5 26. gxf5 Bf4 27. Bh5
Rxe1+ 28. Rxe1 Qc7 29. f6 Nd5 30. fxg7 Rd8 1-0

[Event "Staatsliga A 1998/99"]
[Site "Graz"]
[Date "1999.01.15"]
[Round "6.1"]
[White "Blatny, Pavel"]
[Black "Enders, Peter"]
[Result "1-0"]
[WhiteElo "2520"]
[BlackElo "2485"]
[PlyCount "109"]
[EventDate "1998.11.13"]

1. Nf3 Nf6 2. b3 e6 3. Bb2 c5 4. c4 Nc6 5. g3 d5 6. e3 Be7 7. Bg2 O-O 8. O-O b6
9. Nc3 Bb7 10. cxd5 exd5 11. d4 Rb8 12. Ne5 Nxe5 13. dxe5 Ne4 14. Qd3 Nxc3 15.
Bxc3 Qd7 16. Rfd1 Rbd8 17. Rd2 Qc7 18. Qe2 Bc6 19. Rad1 Qb7 20. h4 a5 21. Qg4
Rfe8 22. e6 Bf8 23. exf7+ Qxf7 24. Qf4 Qxf4 25. gxf4 Be7 26. Be5 Bxh4 27. Bc7
Ra8 28. Bxb6 Be7 29. Rc1 a4 30. Bxc5 axb3 31. axb3 Bxc5 32. Rxc5 Ra1+ 33. Kh2
Ba8 34. b4 Kf8 35. Bxd5 Rd8 36. Ra2 Rxa2 37. Bxa2 Be4 38. Kg3 Rd2 39. Bc4 Rc2
40. f3 Bg6 41. e4 Be8 42. f5 Rb2 43. b5 Rc2 44. b6 Rb2 45. Bb5 Bxb5 46. b7 Bc6
47. Rxc6 Rxb7 48. f6 g6 49. e5 Kf7 50. Kg4 h6 51. f4 Rb1 52. Rc7+ Ke6 53. Re7+
Kd5 54. f7 Ke4 55. f8=Q 1-0

[Event "Staatsliga A 1998/99"]
[Site "Graz"]
[Date "1999.01.15"]
[Round "6.2"]
[White "Moser, Guenter"]
[Black "Popovic, Petar"]
[Result "1/2-1/2"]
[WhiteElo "2355"]
[BlackElo "2510"]
[PlyCount "34"]
[EventDate "1998.11.13"]

1. d4 Nf6 2. c4 g6 3. Nc3 Bg7 4. e4 d6 5. f3 O-O 6. Be3 b6 7. Qd2 c5 8. Nge2
Nc6 9. b3 e5 10. dxe5 dxe5 11. Nd5 Nd4 12. Bg5 Qd6 13. Nxd4 cxd4 14. Bd3 Nxd5
15. exd5 f5 16. O-O Bd7 17. Rfe1 Rfe8 1/2-1/2

[Event "Staatsliga A 1998/99"]
[Site "Graz"]
[Date "1999.01.15"]
[Round "6.3"]
[White "Penz, Harald"]
[Black "Grundherr, Martin"]
[Result "1-0"]
[WhiteElo "2390"]
[BlackElo "2335"]
[PlyCount "139"]
[EventDate "1998.11.13"]

1. e4 c6 2. d4 d5 3. Nc3 dxe4 4. Nxe4 Nd7 5. Ne2 Ngf6 6. N2g3 g6 7. c3 Bg7 8.
Bd3 O-O 9. O-O e5 10. dxe5 Nxe5 11. Bc2 Nxe4 12. Nxe4 Bg4 13. f3 Qb6+ 14. Kh1
Be6 15. b3 Rad8 16. Qe2 Qb5 17. Qxb5 cxb5 18. Ba3 Rfe8 19. Nd6 Re7 20. Nxb5
Red7 21. Rad1 Nc6 22. Rxd7 Rxd7 23. Rd1 Rxd1+ 24. Bxd1 a6 25. Nd6 b5 26. c4 b4
27. Bc1 Bd4 28. g4 Kf8 29. Kg2 Ke7 30. Ne4 f6 31. Kg3 a5 32. f4 h6 33. h3 f5
34. Nf2 a4 35. Nd3 a3 36. Bf3 Na5 37. Nxb4 Bb2 38. Bd2 Kd6 39. Bd1 Kc5 40. Na6+
Kb6 41. Bxa5+ Kxa5 42. Nc5 Bc8 43. Nd3 Bc3 44. Bf3 g5 45. h4 gxf4+ 46. Kxf4
Bd2+ 47. Kg3 fxg4 48. Bxg4 Bb7 49. Bf3 Bc8 50. Be4 Be6 51. Kf3 Bc3 52. h5 Bd7
53. Bg6 Bh3 54. Nf4 Bd7 55. Ke4 Bc6+ 56. Kd3 Be5 57. Ne2 Bg2 58. Nd4 Bf6 59.
Nc2 Be7 60. Be4 Bf1+ 61. Kd4 Be2 62. Bg6 Bd1 63. Ne3 Bxb3 64. axb3 a2 65. Nc2
Kb6 66. Kc3 Bf6+ 67. Kb4 a1=Q 68. Nxa1 Bxa1 69. c5+ Kc7 70. Kc4 1-0

[Event "Staatsliga A 1998/99"]
[Site "Graz"]
[Date "1999.01.15"]
[Round "6.4"]
[White "Koenig, Dietrich"]
[Black "Bawart, Markus"]
[Result "1/2-1/2"]
[WhiteElo "2315"]
[BlackElo "2345"]
[PlyCount "36"]
[EventDate "1998.11.13"]

1. d4 Nf6 2. c4 e6 3. Nf3 d5 4. Nc3 Nbd7 5. cxd5 exd5 6. Bg5 c6 7. Qc2 Bd6 8.
e3 Nf8 9. Bd3 Ng6 10. O-O-O h6 11. Bh4 Nxh4 12. Nxh4 Ne4 13. Bxe4 Qxh4 14. Bf5
O-O 15. Kb1 Re8 16. g3 Qh5 17. Bxc8 Raxc8 18. h4 Qf3 1/2-1/2

[Event "Staatsliga A 1998/99"]
[Site "Graz"]
[Date "1999.01.15"]
[Round "6.5"]
[White "Loeffler, Stefan"]
[Black "Neuschmied, Siegfried"]
[Result "1-0"]
[WhiteElo "2385"]
[BlackElo "2200"]
[PlyCount "65"]
[EventDate "1998.11.13"]

1. Nf3 Nf6 2. c4 b6 3. g3 Bb7 4. Bg2 e6 5. O-O Be7 6. Nc3 O-O 7. Re1 d5 8. cxd5
exd5 9. d4 Nbd7 10. Bf4 c6 11. Qd3 Re8 12. Rad1 Nf8 13. a3 Ne6 14. Bc1 Bd6 15.
b4 Qc7 16. e4 dxe4 17. Nxe4 Nxe4 18. Rxe4 Rad8 19. Qc4 Nf8 20. Ng5 h6 21. Rxe8
Rxe8 22. Ne4 Ne6 23. b5 cxb5 24. Qxc7 Bxc7 25. d5 Rd8 26. Nc3 Nc5 27. Nxb5 Bb8
28. Be3 Na4 29. Rc1 Kf8 30. Nxa7 Bxa7 31. Rc7 Rb8 32. d6 Bxg2 33. Kxg2 1-0

[Event "Staatsliga A 1998/99"]
[Site "Graz"]
[Date "1999.01.15"]
[Round "6.1"]
[White "Lukacs, Peter"]
[Black "Lutz, Christopher"]
[Result "1/2-1/2"]
[WhiteElo "2475"]
[BlackElo "2600"]
[PlyCount "78"]
[EventDate "1998.11.13"]

1. d4 f5 2. g3 Nf6 3. Bg2 g6 4. c4 Bg7 5. Nc3 O-O 6. Nf3 d6 7. d5 Na6 8. O-O
Qe8 9. Rb1 Bd7 10. b4 c6 11. dxc6 bxc6 12. a3 Nc7 13. Bb2 Ne6 14. e3 Nd8 15. c5
d5 16. Ne5 Nf7 17. Ne2 Ne4 18. f4 Nxe5 19. Bxe5 Bxe5 20. fxe5 Ng5 21. Nf4 e6
22. Qd2 Nf7 23. Qc3 Qd8 24. Nd3 a5 25. a4 axb4 26. Rxb4 Qc7 27. Ra1 Qa5 28. Qd4
Ra7 29. Rab1 Bc8 30. Rb6 Qxa4 31. Qxa4 Rxa4 32. Rxc6 Ra3 33. Bf1 Rxd3 34. Bxd3
Nxe5 35. Rc7 Nxd3 36. Rb8 Ba6 37. Rb6 Bc8 38. Rb8 Ba6 39. Rb6 Bc8 1/2-1/2